| 000 | 00717 a2200241 4500 | ||
|---|---|---|---|
| 001 | 200128786 | ||
| 999 |
_c200128786 _d32144 |
||
| 003 | TR-AnTOB | ||
| 005 | 20240905162029.0 | ||
| 008 | 130320s2011 tu 000 0 | ||
| 040 | _aTR-AnTOB | ||
| 041 | _atur | ||
| 050 | 0 | 0 |
_aNA687 _b.G464 2011 |
| 090 | _aNA687 .G464 2011 | ||
| 245 | 1 | 0 |
_aGenel katalog / _cKale Grubu. |
| 246 | 1 | _aGeneral catalog | |
| 264 | 1 |
_a[İstanbul] : _b[s.n.], _c2011 |
|
| 300 |
_a216 p.; _bcol. ill.; _c29 cm. |
||
| 650 | 0 |
_aArchitecture, Modern _y21st century _vDesigns and plans _vCatalogs _987378 |
|
| 650 | 0 |
_aMimari, Modern _y21. yüzyıl _vTasarım ve planlar _vKataloglar _987377 |
|
| 710 | 1 |
_aKale Grubu _bÇanakkale Seramik _987379 |
|
| 942 | _cBK | ||